Rebel Wilson Filmography - Statistics

General Stats
  • This quiz has been taken 45 times
    4 since last reset
  • The average score is 39 of 78
Answer Stats
Type Year Name % Correct
Film 2025 Bride Hard
100%
Film 2011 Bridesmaids
100%
Film TBA Girl Group
100%
Film 2019 Jojo Rabbit
100%
Film 2012 Pitch Perfect
100%
Film 2015 Pitch Perfect 2
100%
Film 2017 Pitch Perfect 3
100%
TV Show 2025 The Tiny Chef Show
100%
Film 2012 What to Expect When You're Expecting
100%
Award Show 2024 13th AACTA Awards
50%
Award Show 2013 2013 MTV Movie Awards
50%
Film 2016 Absolutely Fabulous: The Movie
50%
Film 2011 A Few Best Men
50%
TV Show 2019 American Idol
50%
Documentary Series 2021 Animal
50%
TV Special 2021 Ant Middleton & Rebel Wilson: Straight Talking
50%
Film 2012 Bachelorette
50%
Web Series 2020 Bad Ideas with Adam Devine
50%
Short Film 2009 Bargain!
50%
Theater 2018 Beauty and the Beast
50%
TV Show 2008 Bogan Pride
50%
Documentary Series 2020 Brain Games
50%
TV Show 2013 Can of Worms
50%
Film 2019 Cats
50%
TV Show 2020 Celebrity IOU
50%
TV Show 2009 City Homicide
50%
Film 2003 Fat Pizza
50%
Film 2007 Ghost Rider
50%
Film 2016 Grimsby
50%
Theater 2016 Guys and Dolls
50%
TV Show 2019 Hollywood Medium
50%
Film 2016 How to Be Single
50%
Film 2012 Ice Age 4: Continental Drift
50%
Video Game 2012 Ice Age - Continental Drift - Arctic Games
50%
Film 2019 Isn't It Romantic
50%
Film 2024 Jack in Time for Christmas
50%
Documentary Series 2016 Julia Zemiro's Home Delivery
50%
Film 2025 Juliet & Romeo
50%
Film TBA K-Pop: Lost in America
50%
TV Mini-Series 2019 Les Norton
50%
Web Series 2020 LOL: Last One Laughing Australia
50%
TV Show 2008 Monster House
50%
Film 2014 Night at the Museum: Secret of the Tomb
50%
Film 2013 Pain & Gain
50%
TV Show 2003-2007 Pizza
50%
TV Show 2015 Pompidou
50%
TV Show 2020 Pooch Perfect
50%
Web Series 2021 Pooch Perfect
50%
Film TBA Rocking the Boat
50%
TV Show 2010 Rules of Engagement
50%
Film 2022 Senior Year
50%
Film 2012 Small Apartments
50%
Film 2012 Struck by Lightning
50%
TV Show 2013-2014 Super Fun Night
50%
TV Show 2009 Talkin' 'Bout Your Generation
50%
TV Show 2007, 2009 Thank God You're Here
50%
Film 2022 The Almond and the Seahorse
50%
TV Show 2016 The Big Music Quiz
50%
TV Special 2009 The Breast Darn Show in Town
50%
Film 2024 The Deb
50%
TV Special 2020 The Disney Family Singalong Volume 2
50%
Film 2019 The Hustle
50%
Theater 2016 The Little Mermaid
50%
TV Show 2006-2007 The Wedge
50%
Film 2025 Tinsel Town
50%
Documentary Series 2016 Travel Man
50%
TV Show 2020, 2021 Who Wants to Be a Millionaire
50%
TV Show 2011 Workaholics
50%
TV Show 2006 World Record Pizza
50%
Commercial 2018 Amazon Echo
0%
TV Show 2004 Australian Idol
0%
Award Show 2022 BAFTA 2022
0%
Commercial 2015 BT
0%
Commercial 2014 Dish Network
0%
Commercial 2020 Facebook Portal
0%
Commercial 2019 Match.com
0%
Commercial 2015 Stan
0%
Short Film 2007 The Netball Diaries
0%
No matching quizzes found
Score Distribution
Percent of People with Each Score
Percentile by Number Answered
Your Score History
You have not taken this quiz since the last reset